Meteorology : the atmosphere and the science of weather
Αποθηκεύτηκε σε:
| Κύριος συγγραφέας: | |
|---|---|
| Άλλοι συγγραφείς: | , |
| Μορφή: | Βιβλίο |
| Γλώσσα: | English |
| Δημοσίευση: |
Upper Saddle River :
Prentice Hall,
c1997
|
| Έκδοση: | 5th ed. |
| Θέματα: | |
| Ετικέτες: |
Προσθήκη ετικέτας
Δεν υπάρχουν, Καταχωρήστε ετικέτα πρώτοι!
|
MARC
| LEADER | 00000nam a2200000 i 4500 | ||
|---|---|---|---|
| 001 | 1/18277 | ||
| 008 | 981015s1997 eng d | ||
| 020 | |a 0-02-383341-6 | ||
| 035 | |l 10020856 | ||
| 040 | |a GR-MY-UA |b gre |e aacr | ||
| 041 | 0 | |a eng | |
| 082 | 0 | |a 551.5 | |
| 100 | 1 | |a Moran, Joseph M. | |
| 245 | 1 | 0 | |a Meteorology : |b the atmosphere and the science of weather / |c Joseph M. Moran; Michael D. Morgan Patricia M. Pauley |
| 250 | |a 5th ed. | ||
| 260 | |a Upper Saddle River : |b Prentice Hall, |c c1997 | ||
| 300 | |a xiii, 530 σ. |b εικ. | ||
| 504 | |a Περιέχει βιβλιγραφικές παραπομπές και ευρετήριο | ||
| 650 | 0 | 0 | |a Meteorology. |
| 650 | 0 | 0 | |a Weather. |
| 650 | 0 | 0 | |a Atmospheric physics. |
| 700 | 1 | |a Morgan, Michael D. | |
| 700 | 1 | |a Pauley, Patricia M. | |
| 852 | |a INST |b LESVOS |e 19981015 |h 551.5 MOR |p 005100012861 |q 005100012861 |t BK |y 0 | ||
| 901 | |a BIBL-1998-3 | ||
| 909 | |a Λ |b 059340 | ||
| 922 | |a 1ΕΛΗ |b 199809 |c ΚΠΣ/ΤΓ |d ΠΑΠΑΣΩΤΗΡΙΟΥ | ||
| 950 | |a 118-1998-07-21 | ||